Masculinidades cambios y permanencias: varones del Cuzco, Iquitos y Lina
Este estudio tiene como propósito contribuir a la comprensión de la manera en que se organizan las relaciones de género en la sociedad peruana y detectar los cambios en curso en este ámbito de la vida social y personal, se pretende tener una aproximación a la manera de cómo un grupo de varones de tr...
保存先:
| 団体著者: | |
|---|---|
| フォーマット: | テキスト |
| 出版事項: |
Lima:
Fondo Editorial de la Pontificia Universidad Católica
|
| 主題: | |
| タグ: |
タグ追加
タグなし, このレコードへの初めてのタグを付けませんか!
|
MARC
| LEADER | 00000 a a2200000 04500 | ||
|---|---|---|---|
| 001 | 28113 | ||
| 003 | |||
| 040 | |||
| 090 | |a 187000 | ||
| 110 | |a Fuller, Norma | ||
| 245 | |a Masculinidades cambios y permanencias: varones del Cuzco, Iquitos y Lina | ||
| 260 | |a Lima: |b Fondo Editorial de la Pontificia Universidad Católica | ||
| 300 | |a 509 p |b **no definido** |b fonodiscos | ||
| 520 | |a Este estudio tiene como propósito contribuir a la comprensión de la manera en que se organizan las relaciones de género en la sociedad peruana y detectar los cambios en curso en este ámbito de la vida social y personal, se pretende tener una aproximación a la manera de cómo un grupo de varones de tres ciudades del Perú (Cuzco, Iquitos y Lima) conciben la tarea de ser varones | ||
| 650 | |a MASCULINIDAD | ||
| 650 | |a CAMBIO SOCIAL | ||
| 650 | |a GENERO | ||
| 650 | |a SEXUALIDAD | ||
| 650 | |a DESARROLLO DEL NIÑO | ||
| 650 | |a JUVENTUD | ||
| 650 | |a ESCUELAS | ||
| 650 | |a TRABAJO | ||
| 650 | |a ETNICIDAD | ||
| 650 | |a MATRIMONIO | ||
| 650 | |a PATERNIDAD | ||
| 650 | |a PERU | ||
| 999 | |c 5141 |d 5141 | ||
